Edvard Munch

Salvato in:
Dettagli Bibliografici
Autore principale: Duchting, Hajo (Autore)
Natura: Sconosciuto
Pubblicazione: Paris, Francia: Konemann, 2016.
Soggetti:
Tags: Aggiungi Tag
Nessun Tag, puoi essere il primo ad aggiungerne!!

MARC

LEADER 00000 a2200000 4500
003 CL-VaPUC
005 20240418114059.0
008 240410t2016 ||||| |||| 00| 0 eng d
999 |c 443436  |d 443434 
020 |a 978-3-95588-621-9 
040 |c Pontificia Universidad Católica de Valparaíso 
082 7 |2 22  |a 759.9481 DUC 2016 
100 |9 557612  |a Duchting, Hajo  |e author 
245 |a Edvard Munch 
260 |a Paris, Francia:  |b Konemann,  |c 2016. 
300 |a 288 páginas. 
546 |a Inglés, Español, Italiano, Alemán. 
583 |k Catalogador Asistente  |c 20240410 
600 0 |9 474961  |a Munch, Edvard  |z Noruega  |d 1863-1944 
650 0 |9 322765  |a Expresionismo (Arte)  |z Noruega 
650 0 |9 468783  |a Pintura noruega 
942 |2 ddc  |c BK 
952 |0 0  |1 0  |2 ddc  |4 0  |6 759_948100000000000_DUC_2016  |7 0  |8 R  |9 593974  |a BIBART  |b BIBART  |d 2024-04-04  |e 181  |g 10800.00  |i 5660615  |l 3  |o 759.9481 DUC 2016  |p 5660615  |r 2025-03-13  |s 2024-11-26  |t 1  |v 10800.00  |w 2024-04-04  |y BK_R  |k ART